000 00471cam a22001457a 4500
008 180718b1992 xxu||||| |||| 00| 0 eng d
082 _aZ442x54 B518
100 _aBinswanger, Hans
245 _aThe impact of formal finance on the rural economy of India
_cby Hans Binswanger and Shahidur Khandker
260 _aWashington, D.C.
_bIBRD
_c1992
300 _a43P.
440 _aIBRD. Working Papers: WPS 949
650 _aAgricultural Credit
700 _aKhandker, Shahidur
999 _c225743
_d225743